书目信息 |
| 题名: |
翻译理论与实践教程
|
|
| 作者: | 蔡荣寿 , 朱要霞 编著 | |
| 分册: | ||
| 出版信息: | 北京 中国广播电视出版社 2009.11 |
|
| 页数: | 354页 | |
| 开本: | 24cm | |
| 丛书名: | ||
| 单 册: | ||
| 中图分类: | H315.9 | |
| 科图分类: | ||
| 主题词: | 英语--ying yu--翻译--高等学校--教材 | |
| 电子资源: | ||
| ISBN: | 978-7-5043-5975-9 | |
| 000 | 00899nam0 2200253 450 | |
| 001 | 012010976780 | |
| 005 | 20100410095908.51 | |
| 010 | @a978-7-5043-5975-9@dCNY47.00 | |
| 100 | @a20100402d2009 em y0chiy0120 ea | |
| 101 | 0 | @achi@aeng |
| 102 | @aCN@b110000 | |
| 105 | @ay a 000yy | |
| 106 | @ar | |
| 200 | 1 | @a翻译理论与实践教程@Afan yi li lun yu shi jian jiao cheng@f蔡荣寿, 朱要霞编著@Fcai rong shou,zhu yao xia bian zhu |
| 210 | @a北京@c中国广播电视出版社@d2009.11 | |
| 215 | @a354页@d24cm | |
| 320 | @a有书目 (第347-352页) | |
| 330 | @a本书主要介绍了英汉语言对比、词义的确定与表达、英语否定结构的理解及汉译、英语比较结构的理解及汉译、翻译常用的八种技巧。 | |
| 606 | 0 | @a英语@Aying yu@x翻译@x高等学校@j教材 |
| 690 | @aH315.9@v4 | |
| 701 | 0 | @a蔡荣寿@Acai rong shou@4编著 |
| 701 | 0 | @a朱要霞@Azhu yao xia@4编著 |
| 801 | 0 | @aCN@bQSSK@c20100410 |
| 905 | @b772321-23@dH315.9@eC056@f3 | |
| 翻译理论与实践教程/蔡荣寿, 朱要霞编著.-北京:中国广播电视出版社,2009.11 |
| 354页;24cm |
| ISBN 978-7-5043-5975-9:CNY47.00 |
| 本书主要介绍了英汉语言对比、词义的确定与表达、英语否定结构的理解及汉译、英语比较结构的理解及汉译、翻译常用的八种技巧。 |
| ● |
| 相关链接 |
|
|
|
正题名:翻译理论与实践教程
索取号:H315.9/C056
 
预约/预借
| 序号 | 登录号 | 条形码 | 馆藏地/架位号 | 状态 | 备注 |
| 1 | 772321 | 207723212 | 语言库209/209语言库 8排2列4层/ [索取号:H315.9/C056] | 在馆 | |
| 2 | 772322 | 207723221 | 语言库209/209语言库 8排2列4层/ [索取号:H315.9/C056] | 在馆 | |
| 3 | 772323 | 207723230 | 语言库209/209语言库 8排2列4层/ [索取号:H315.9/C056] | 在馆 |